000 01015nam a2200277Ia 4500
003 OSt
005 20221005110557.0
006 a|||||r|||| 00| 0
007 ta
008 221004b |||||||| |||| 00| 0 hin d
020 _a9788126320653 (hbk)
_c120
024 _a7971
037 _b253, 24/10/2013, Swaraj Prakashan
_cTextual
040 _aCRL
_cCRL
_bhin
041 _2hin
_ahin
082 _aO152,3N24,JA, Q0
100 _aपरसाई, हरिशंकर
245 0 _aज्वाला और जल
246 _aJvālā aur jala
260 _aनई दिल्ली
_bभारतीय ज्ञानपीठ भारत
_c2010
300 _a56पृ0
_ccm.
490 _aलोकोदय ग्रन्थमाला; ग्रन्थांक 707
650 _aहिन्दी साहित्य
942 _hO152,3N24,JA, Q0
_cTEXL
_2cc
999 _c1019262
_d1019262